ළා දලු බෝ පත් /

Saved in:
Bibliographic Details
Main Author: ජයකො ඩි,සෝ මා
Format: Book
Language:English
Sinhalese
Published: කො ළඔ : ගො ඩගේ , 2016
Edition:2
Subjects:
Tags: Add Tag
No Tags, Be the first to tag this record!

MARC

LEADER 00000nam a22000007a 4500
003 LK-HkPL
005 20250924121517.0
008 250924b |||||||| |||| 00| 0 eng d
020 |a 9789553052278 
040 |a LK-HkPL  |b sin  |d LK-HkPL 
041 |a sin 
082 |2 23  |a 891.483  |b ජයකො 
100 |a ජයකො ඩි,සෝ මා 
245 |a ළා දලු බෝ පත් /  |c සෝ මා ජයකො ඩි, 
250 |a 2 
260 |a කො ළඔ :  |b ගො ඩගේ ,  |c 2016 
300 |a පි. 344 :  |c සෙ.මි.21 
650 0 |a සිංහල ප්‍රබන්ධ -නවකතා 
942 |c LBK 
999 |c 14590  |d 14590